| 000 | 01072cam a22002894a 4500 | ||
|---|---|---|---|
| 001 | 12731366 | ||
| 003 | NUST - PNEC | ||
| 005 | 20170116180749.0 | ||
| 008 | 020405s2003 njua b 001 0 eng | ||
| 010 | _a 2002066254 | ||
| 020 | _a013061792X (pbk.) | ||
| 040 | _cLIBRARY | ||
| 042 | _apcc | ||
| 050 | 0 | 0 |
_aTK7871.85 _b.P483 2003 |
| 082 | 0 | 0 |
_a621.38152 PIE _221 |
| 100 | 1 | _aPierret, Robert F. | |
| 245 | 1 | 0 |
_aAdvanced semiconductor fundamentals / _cRobert F. Pierret. |
| 250 | _a2nd ed. | ||
| 260 |
_aUpper Saddle River, N.J. : _bPrentice Hall, _cc2003. |
||
| 300 |
_ax, 221 p. : _bill. ; _c24 cm. |
||
| 504 | _aIncludes bibliographical references and index. | ||
| 650 | 0 |
_aSemiconductors. _xEL, EE |
|
| 856 | _uhttp://www.amazon.com/Advanced-Semiconductor-Fundamentals-Robert-Pierret/dp/013061792X/ref=sr_1_1?s=books&ie=UTF8&qid=1425449978&sr=1-1&keywords=013061792X | ||
| 906 |
_a7 _bcbc _corignew _d1 _eocip _f20 _gy-gencatlg |
||
| 942 |
_2ddc _cBK |
||
| 999 |
_c62481 _d62481 |
||